000 00588nam a2200241Ia 4500
003 OSt
005 20221005120505.0
006 a|||||r|||| 00| 0
007 ta
008 221004b |||||||| |||| 00| 0 mal d
024 _a59060
037 _cTextual
040 _aCRL
_cCRL
_bmal
041 _2mal
_amal
082 _aV2:19(zQ)'N5, 32K3
100 _aToynbee
_9212688
245 0 _aEkalokavam bhavatavam
260 _c1963
300 _a99p.
_ccm.
650 _aHISTORY
942 _hV2:19(zQ)'N5, 32K3
_cTEXL
_2cc
999 _c1038234
_d1038234